[Event "32nd ECC Open 2016"]
[Site "Novi Sad SRB"]
[Date "2016.11.06"]
[Round "1.4"]
[Board "6"]
[White "Coenen, Norbert"]
[Black "Khairullin, Ildar"]
[Result "1/2-1/2"]
[WhiteTitle "IM"]
[BlackTitle "GM"]
[WhiteElo "2304"]
[BlackElo "2630"]
[WhiteTeam "KSK Rochade Eupen-Kelmis"]
[BlackTeam "Mednyi Vsadnik"]
[WhiteFideId "4619455"]
[BlackFideId "4151348"]
[EventDate "2016.11.06"]

1. e4 c5 2. Nf3 d6 3. d4 cxd4 4. Nxd4 Nf6 5. Nc3 a6 6. Be2 e5 7. Nb3 Be7 8. O-O
O-O 9. Be3 Be6 10. Qd2 Nbd7 11. a4 Qc7 12. a5 Rac8 13. Rfd1 Qc6 14. Bf3 Rfe8 15.
h3 h6 16. Qe1 Nf8 17. Nc1 N8h7 18. Nd3 Ng5 19. Bxg5 hxg5 20. Nb4 Qc5 21. Nbd5
Nxd5 22. Nxd5 Bxd5 23. Rxd5 Qxc2 24. Qb4 Rc7 25. Rad1 g6 26. b3 Kg7 27. Kf1 Rh8
28. R5d2 Qc6 29. Rd5 Rh4 30. Qd2 Qc3 31. b4 f5 32. Qxc3 Rxc3 33. b5 Rf4 34. Re1
g4 35. hxg4 fxg4 36. Bd1 g3 37. Bf3 gxf2 38. Red1 g5 39. Be2 g4 40. R5d3 Rxd3
41. Rxd3 axb5 42. Re3 d5 43. g3 d4 44. Rb3 Rxe4 45. Rxb5 Re3 46. Kxf2 Kf6 47.
Bxg4 Bd8 48. Bc8 Ra3 49. Bxb7 Bxa5 50. Bd5 Kf5 51. Rb3 Rxb3 52. Bxb3 Ke4 53. Bf7
Kd3 54. Bg6+ e4 55. Bf5 Bd2 56. Bg6 Be3+ 57. Kf1 Bg5 58. Kf2 Bf6 59. Bf5 Be5 60.
Bg6 Bxg3+ 61. Kxg3 Ke3 62. Kg2 d3 63. Kf1 d2 64. Bh5 Kd3 65. Bd1 e3 1/2-1/2

[Event "32nd ECC Open 2016"]
[Site "Novi Sad SRB"]
[Date "2016.11.06"]
[Round "1.5"]
[Board "1"]
[White "Petrov, Nikita"]
[Black "Wojtaszek, Radoslaw"]
[Result "1/2-1/2"]
[WhiteTitle "IM"]
[BlackTitle "GM"]
[WhiteElo "2509"]
[BlackElo "2744"]
[WhiteTeam "Club d'Echecs de Geneve"]
[BlackTeam "AVE Novy Bor"]
[WhiteFideId "4101286"]
[BlackFideId "1118358"]
[EventDate "2016.11.06"]

1. Nf3 Nf6 2. c4 b6 3. g3 Bb7 4. d4 g6 5. Bg2 Bg7 6. O-O O-O 7. d5 Na6 8. Nc3
Nc5 9. Re1 Nfe4 10. Nxe4 Nxe4 11. Qc2 f5 12. Nd2 Nc5 13. e4 e6 14. e5 a5 15. b3
d6 16. Bb2 dxe5 17. Bxe5 exd5 18. cxd5 Bxe5 19. Rxe5 f4 20. Rae1 Qf6 21. Nc4 Rf7
22. Nxa5 fxg3 23. hxg3 Rxa5 24. b4 Rb5 25. bxc5 Rxc5 26. Qd2 Kg7 27. R5e3 Qg5
28. Qd4+ Qf6 29. Qd2 Qg5 30. Qd4+ Qf6 31. Qd2 Qg5 32. Qd4+ 1/2-1/2

[Event "32nd ECC Open 2016"]
[Site "Novi Sad SRB"]
[Date "2016.11.06"]
[Round "1.5"]
[Board "2"]
[White "Navara, David"]
[Black "Vuilleumier, Alexandre"]
[Result "1-0"]
[WhiteTitle "GM"]
[BlackTitle "IM"]
[WhiteElo "2725"]
[BlackElo "2350"]
[WhiteTeam "AVE Novy Bor"]
[BlackTeam "Club d'Echecs de Geneve"]
[WhiteFideId "309095"]
[BlackFideId "1305662"]
[EventDate "2016.11.06"]

1. e4 d6 2. d4 Nf6 3. Nc3 e5 4. Nf3 exd4 5. Nxd4 g6 6. f3 Bg7 7. Bg5 h6 8. Be3
d5 9. e5 Nh7 10. f4 c5 11. Ndb5 d4 12. Nd6+ Kf8 13. Bc4 Be6 14. Bxe6 fxe6 15.
Qg4 Qe7 16. Nd5 Qd7 17. Qxg6 Nc6 18. Nf6 Nxf6 19. exf6 dxe3 20. O-O-O Nd4 21. c3
Ne2+ 22. Kb1 Nxf4 23. Qg4 Bxf6 24. Qxf4 Qh7+ 25. Ka1 Kg7 26. Qg3+ 1-0

[Event "32nd ECC Open 2016"]
[Site "Novi Sad SRB"]
[Date "2016.11.06"]
[Round "1.5"]
[Board "3"]
[White "Fioramonti, Hung"]
[Black "Shirov, Alexei"]
[Result "0-1"]
[WhiteTitle "IM"]
[BlackTitle "GM"]
[WhiteElo "2325"]
[BlackElo "2677"]
[WhiteTeam "Club d'Echecs de Geneve"]
[BlackTeam "AVE Novy Bor"]
[WhiteFideId "1300202"]
[BlackFideId "2209390"]
[EventDate "2016.11.06"]

1. Nf3 d5 2. c4 c6 3. b3 Nf6 4. g3 g6 5. Bg2 Bg7 6. Bb2 O-O 7. O-O b5 8. d3 Bb7
9. Nbd2 Nbd7 10. cxb5 cxb5 11. b4 a5 12. a3 a4 13. Ra2 Rc8 14. Qa1 Qb6 15. Ne5
Nxe5 16. Bxe5 Ne8 17. Bxg7 Nxg7 18. Nf3 Rc7 19. d4 Nf5 20. e3 Nd6 21. Ne5 Nc4
22. Nd3 Rd8 23. Re1 Bc8 24. Nc5 Bf5 25. Qc3 Qf6 26. f4 h5 27. h3 Be4 28. Bxe4
dxe4 29. Nxe4 Qf5 30. Nf2 Rdc8 31. Qd3 Nd6 32. e4 Qd7 33. Kg2 Rc3 34. Qd2 Rb3
35. Rc1 Nc4 36. Qe1 Qxd4 37. Kh2 h4 38. gxh4 Qf6 39. f5 Qxh4 40. Rc3 Rd8 41.
fxg6 Nd2 0-1

[Event "32nd ECC Open 2016"]
[Site "Novi Sad SRB"]
[Date "2016.11.06"]
[Round "1.5"]
[Board "5"]
[White "Landenbergue, Claude"]
[Black "Sasikiran, Krishnan"]
[Result "0-1"]
[WhiteTitle "IM"]
[BlackTitle "GM"]
[WhiteElo "2334"]
[BlackElo "2654"]
[WhiteTeam "Club d'Echecs de Geneve"]
[BlackTeam "AVE Novy Bor"]
[WhiteFideId "1300130"]
[BlackFideId "5004985"]
[EventDate "2016.11.06"]

1. e4 c5 2. Nf3 d6 3. d4 cxd4 4. Nxd4 Nf6 5. f3 e5 6. Bb5+ Nbd7 7. Nf5 d5 8.
exd5 a6 9. Bxd7+ Bxd7 10. Ne3 Bc5 11. Nc3 O-O 12. O-O Qb6 13. Qd3 Bb5 14. Nxb5
axb5 15. Kh1 Rfd8 16. Bd2 Qa6 17. a3 Bxe3 18. Bxe3 Rxd5 19. Qe2 h6 20. Rae1 Re8
21. Rd1 Qc6 22. Rxd5 Nxd5 23. Bc1 Nf6 24. c3 e4 25. fxe4 Nxe4 26. Be3 Re6 27.
Qf3 Rf6 28. Qd1 Qd5 29. Qe2 Qh5 0-1

[Event "32nd ECC Open 2016"]
[Site "Novi Sad SRB"]
[Date "2016.11.06"]
[Round "1.5"]
[Board "6"]
[White "Bartel, Mateusz"]
[Black "Kovacevic, Vladimir"]
[Result "1-0"]
[WhiteTitle "GM"]
[WhiteElo "2646"]
[BlackElo "2160"]
[WhiteTeam "AVE Novy Bor"]
[BlackTeam "Club d'Echecs de Geneve"]
[WhiteFideId "1112635"]
[BlackFideId "906662"]
[EventDate "2016.11.06"]

1. e4 e6 2. d3 d5 3. Nd2 g6 4. g3 Bg7 5. Bg2 Ne7 6. Ngf3 O-O 7. O-O c5 8. exd5
exd5 9. d4 cxd4 10. Nb3 Nbc6 11. Nfxd4 Nxd4 12. Nxd4 Nc6 13. Be3 Nxd4 14. Bxd4
Be6 15. c3 a5 16. Bxg7 Kxg7 17. Qd4+ Qf6 18. Qb6 a4 19. a3 Qd8 20. Qd4+ Qf6 21.
Rad1 Ra6 22. Qe3 Rd8 23. Rd4 b5 24. Re1 Kg8 25. Qd3 Rb8 26. Bxd5 h5 27. h4 Rd6
28. Ree4 Kh7 29. Bxe6 Rxe6 30. Rf4 Qg7 31. Rd5 Re1+ 32. Kg2 f5 33. Rd7 Re7 34.
Rfd4 Rb7 35. Rd8 Qe5 36. Qf3 Qe6 37. R8d6 Qf7 38. Qc6 Rec7 39. Qa6 Rc4 40. Rf6
Qg7 41. Rxg6 Qxg6 42. Qxb7+ Kh6 43. Qxb5 1-0

[Event "32nd ECC Open 2016"]
[Site "Novi Sad SRB"]
[Date "2016.11.06"]
[Round "1.6"]
[Board "2"]
[White "Slavin, Gennadie"]
[Black "Rapport, Richard"]
[Result "0-1"]
[BlackTitle "GM"]
[WhiteElo "2300"]
[BlackElo "2730"]
[WhiteTeam "Perfect"]
[BlackTeam "VSK Sveti Nikolaj Srpski"]
[WhiteFideId "4104870"]
[BlackFideId "738590"]
[EventDate "2016.11.06"]

1. e4 c5 2. Nf3 Nc6 3. c3 Nf6 4. d3 g6 5. Nbd2 d5 6. g3 Bg7 7. Bg2 d4 8. c4 e5
9. O-O h5 10. Nb3 Qd6 11. h3 a5 12. Bd2 Nh7 13. Nh4 Qe7 14. Kh2 Bf6 15. Nf3 g5
16. Ng1 g4 17. f4 h4 18. f5 hxg3+ 19. Kxg3 gxh3 20. Nxh3 Bd7 21. Nc1 O-O-O 22.
Ne2 Rdg8+ 23. Kh2 Bg5 24. Neg1 Be3 25. Qe2 Nf6 26. Bf3 Qf8 27. Bxe3 dxe3 28.
Qxe3 Qg7 29. Qf2 Qh6 30. Rad1 Nd4 31. Qd2 Qh4 32. Qf2 Qf4+ 33. Kh1 Rxg1+ 34.
Kxg1 Rxh3 35. Bh1 Rg3+ 36. Bg2 Qh4 37. Qe1 Ng4 38. Rf2 Nf3+ 0-1

[Event "32nd ECC Open 2016"]
[Site "Novi Sad SRB"]
[Date "2016.11.06"]
[Round "1.6"]
[Board "3"]
[White "Morozevich, Alexander"]
[Black "Kurochkin, Victor"]
[Result "1-0"]
[WhiteTitle "GM"]
[WhiteElo "2683"]
[BlackElo "2410"]
[WhiteTeam "VSK Sveti Nikolaj Srpski"]
[BlackTeam "Perfect"]
[WhiteFideId "4116992"]
[BlackFideId "4105168"]
[EventDate "2016.11.06"]

1. e4 c5 2. Nf3 d6 3. d4 cxd4 4. Nxd4 Nf6 5. Nc3 a6 6. f3 e5 7. Nb3 Be6 8. Be3
Be7 9. Qd2 Nbd7 10. g4 O-O 11. O-O-O b5 12. Rg1 Qc7 13. g5 Nh5 14. Nd5 Bxd5 15.
exd5 Nb6 16. Kb1 Rfb8 17. Na5 Nxd5 18. Qxd5 Qxa5 19. Bc4 Rf8 20. Bb3 g6 21. f4
exf4 22. Bd4 Rac8 23. c4 Qc7 24. cxb5 axb5 25. Qxb5 Ng7 26. h4 Nf5 27. Bf2 Rfe8
28. Rc1 Qb8 29. Qd5 Rxc1+ 30. Rxc1 Rf8 31. Qe4 Bd8 32. Rc6 Qb5 33. Qc4 Qe5 34.
a4 Ne3 35. Qd3 d5 36. Ka2 Be7 37. a5 Ra8 38. a6 Bf8 39. Be1 Bg7 40. Bc3 d4 41.
Be1 f3 42. h5 Qf5 43. Qxf5 Nxf5 44. Bc2 Ne7 45. Rd6 Be5 46. Be4 Bxd6 47. Bxa8
Bc5 48. hxg6 hxg6 49. Bxf3 f6 50. Bb4 Ba7 1-0

[Event "32nd ECC Open 2016"]
[Site "Novi Sad SRB"]
[Date "2016.11.06"]
[Round "1.6"]
[Board "4"]
[White "Bokan, Danko"]
[Black "Ivanisevic, Ivan"]
[Result "0-1"]
[WhiteTitle "FM"]
[BlackTitle "GM"]
[WhiteElo "2223"]
[BlackElo "2645"]
[WhiteTeam "Perfect"]
[BlackTeam "VSK Sveti Nikolaj Srpski"]
[WhiteFideId "909424"]
[BlackFideId "912417"]
[EventDate "2016.11.06"]

1. e4 c5 2. Nf3 e6 3. d4 cxd4 4. Nxd4 Nc6 5. Nc3 Qc7 6. Be3 a6 7. Bd3 Nf6 8. Nb3
b5 9. O-O h5 10. h3 Ne5 11. Bf4 Bb7 12. Re1 Be7 13. Qe2 h4 14. f3 Nh5 15. Be3
Ng6 16. Qd2 Bd6 17. Ne2 Bh2+ 18. Kf1 Be5 19. c3 Ng3+ 20. Nxg3 Bxg3 21. Bf2 Nf4
22. Bxg3 hxg3 23. Kg1 e5 24. Bf1 O-O 25. Rad1 d5 26. exd5 Bxd5 27. Qe3 f6 28.
Nc1 Rfd8 29. a3 Bc4 30. Nd3 Ne6 31. Nb4 a5 32. Bxc4 Qxc4 33. Nc2 Nf4 34. Rd2 Nd5
35. Qe4 Qxe4 36. fxe4 Nb6 37. Red1 Rxd2 38. Rxd2 Nc4 39. Rd5 Nxb2 40. Rxb5 Na4
41. c4 Nc3 42. Rb7 Rd8 43. Kf1 Rd2 44. Rb2 Kh7 45. c5 Na4 46. Ra2 Rf2+ 47. Ke1
Nxc5 48. Kd1 Rxg2 49. a4 Nxe4 50. Ra3 Rd2+ 0-1

[Event "32nd ECC Open 2016"]
[Site "Novi Sad SRB"]
[Date "2016.11.06"]
[Round "1.6"]
[Board "5"]
[White "Markus, Robert"]
[Black "Alekseev, Andrey"]
[Result "1-0"]
[WhiteTitle "GM"]
[BlackTitle "IM"]
[WhiteElo "2652"]
[BlackElo "2337"]
[WhiteTeam "VSK Sveti Nikolaj Srpski"]
[BlackTeam "Perfect"]
[WhiteFideId "921637"]
[BlackFideId "4106873"]
[EventDate "2016.11.06"]

1. d4 Nf6 2. c4 d6 3. Nf3 Nbd7 4. Nc3 e5 5. e4 Be7 6. Be2 c6 7. O-O Qc7 8. Be3
Nf8 9. d5 Ng6 10. dxc6 Qxc6 11. Nd2 O-O 12. g3 Bh3 13. Re1 Bd8 14. Rc1 Bb6 15.
Bf3 Bxe3 16. Rxe3 Ne7 17. Rd3 Rfd8 18. b3 Qb6 19. Ndb1 Nc6 20. Na3 Nd4 21. Nc2
Nxc2 22. Rxc2 Be6 23. Rcd2 Ne8 24. Nb5 g6 25. Kg2 Qa5 26. a3 Rac8 27. Bg4 Bxg4
28. Qxg4 Rc6 29. Qg5 Rd7 30. Rd5 Nc7 31. Rxd6 Rcxd6 32. Rxd6 Rxd6 33. Nxd6 Ne6
34. Qe7 Qc7 35. Qxc7 Nxc7 36. Nxb7 1-0

[Event "32nd ECC Open 2016"]
[Site "Novi Sad SRB"]
[Date "2016.11.06"]
[Round "1.6"]
[Board "6"]
[White "Pleshkov, Mikhail"]
[Black "Perunovic, Milos"]
[Result "0-1"]
[BlackTitle "GM"]
[WhiteElo "1888"]
[BlackElo "2616"]
[WhiteTeam "Perfect"]
[BlackTeam "VSK Sveti Nikolaj Srpski"]
[WhiteFideId "34106917"]
[BlackFideId "921629"]
[EventDate "2016.11.06"]

1. d4 Nf6 2. Nf3 e6 3. e3 c5 4. Bd3 d5 5. b3 Nc6 6. O-O Bd6 7. Bb2 O-O 8. Nbd2
b6 9. c4 cxd4 10. exd4 Bb7 11. Ne5 dxc4 12. Nxc6 Bxc6 13. bxc4 Rc8 14. Qe2 Re8
15. Rac1 Bb7 16. Rfe1 Qc7 17. g3 Bb4 18. Rf1 Qc6 19. f3 Red8 20. Ne4 Be7 21.
Rfd1 Ne8 22. d5 Qd7 23. d6 Nxd6 24. c5 Nxe4 25. Bxe4 Bxc5+ 26. Kg2 Qe7 27. Bxb7
Qxb7 28. Rxd8+ Rxd8 29. Qe5 Rd2+ 30. Kh3 Bf8 31. Qf4 Qd5 32. Be5 f6 33. Rc7 0-1

[Event "32nd ECC Open 2016"]
[Site "Novi Sad SRB"]
[Date "2016.11.06"]
[Round "1.7"]
[Board "1"]
[White "Van Foreest, Jorden"]
[Black "Ivanchuk, Vassily"]
[Result "0-1"]
[WhiteTitle "GM"]
[BlackTitle "GM"]
[WhiteElo "2614"]
[BlackElo "2733"]
[WhiteTeam "JSV SISSA"]
[BlackTeam "Ashdod"]
[WhiteFideId "1039784"]
[BlackFideId "14100010"]
[EventDate "2016.11.06"]

1. e4 c5 2. Nf3 d6 3. d4 cxd4 4. Nxd4 Nf6 5. Nc3 a6 6. Nb3 g6 7. Be2 Bg7 8. g4
h6 9. Be3 Nbd7 10. Qd2 b5 11. O-O-O Bb7 12. f3 Qc7 13. a3 Rc8 14. h4 Nb6 15. Kb1
Nfd7 16. Bd4 Bxd4 17. Qxd4 O-O 18. Qe3 Kh7 19. Bd3 Ne5 20. h5 g5 21. Nd5 Nbc4
22. Qe2 Qd8 23. Nd4 e6 24. Bxc4 Rxc4 25. Ne3 Rc7 26. Rd2 Qf6 27. Rhd1 Rd8 28.
Ka1 d5 29. exd5 Bxd5 30. Nxd5 Rxd5 31. Nb3 Qxf3 32. Qh2 Rxc2 33. Rxc2 Rxd1+ 34.
Ka2 Qe4 35. Qf2 Kg7 0-1

[Event "32nd ECC Open 2016"]
[Site "Novi Sad SRB"]
[Date "2016.11.06"]
[Round "1.7"]
[Board "2"]
[White "Volokitin, Andrei"]
[Black "Van Foreest, Lucas"]
[Result "0-1"]
[WhiteTitle "GM"]
[WhiteElo "2668"]
[BlackElo "2384"]
[WhiteTeam "Ashdod"]
[BlackTeam "JSV SISSA"]
[WhiteFideId "14107090"]
[BlackFideId "1039792"]
[EventDate "2016.11.06"]

1. e4 e5 2. Nf3 Nc6 3. Bb5 a6 4. Ba4 Nf6 5. O-O Be7 6. Re1 b5 7. Bb3 O-O 8. c3
d5 9. exd5 Nxd5 10. Nxe5 Nxe5 11. Rxe5 c6 12. d3 Bd6 13. Re1 Bf5 14. Qf3 Re8 15.
Rxe8+ Qxe8 16. Nd2 Qe1+ 17. Nf1 Bg6 18. h4 Nf6 19. Bd1 Ng4 20. Qe2 Bh2+ 21. Kh1
Qxd1 22. Qxd1 Nxf2+ 23. Kxh2 Nxd1 24. Ne3 Nf2 25. d4 Re8 26. a4 f5 27. axb5 axb5
28. h5 f4 29. Nd1 Ng4+ 30. Kh3 Bxh5 31. Bxf4 h6 32. Kh4 Nf6 33. Be5 g5+ 34. Kh3
Ng4 35. Bg3 Rf8 36. Bd6 Rf1 37. Kg3 Nf6 38. Ra8+ Kh7 39. Nf2 Be2 40. Rf8 Kg7 41.
Be7 Nh5+ 42. Kh2 g4 43. Nxg4 Rxf8 44. Bxf8+ Kxf8 45. Ne5 Bc4 46. Nxc6 Nf4 47.
Na7 Nd5 48. Kg3 Ke7 49. b3 Bxb3 50. Nxb5 Bc4 51. Na3 Bd3 52. c4 Ne3 53. c5 Ke6
54. Kf2 Nd5 55. g4 Nb4 56. Ke3 Kd5 57. Kf4 Kxd4 58. g5 hxg5+ 59. Kxg5 Kxc5 60.
Kf6 Kd4 61. Ke6 Kc3 62. Kd6 Kb3 0-1

[Event "32nd ECC Open 2016"]
[Site "Novi Sad SRB"]
[Date "2016.11.06"]
[Round "1.7"]
[Board "3"]
[White "Lambrechts, Koen"]
[Black "Moiseenko, Alexander"]
[Result "0-1"]
[BlackTitle "GM"]
[WhiteElo "2284"]
[BlackElo "2650"]
[WhiteTeam "JSV SISSA"]
[BlackTeam "Ashdod"]
[WhiteFideId "1027123"]
[BlackFideId "14102560"]
[EventDate "2016.11.06"]

1. e4 c5 2. Nf3 e6 3. d4 cxd4 4. Nxd4 a6 5. Bd3 Bc5 6. Nb3 Ba7 7. O-O Nc6 8. Kh1
Nf6 9. Qe2 d6 10. a4 e5 11. Bg5 h6 12. Bxf6 Qxf6 13. Nc3 Be6 14. Bc4 O-O 15.
Rad1 Rac8 16. Bxe6 Qxe6 17. Nd5 f5 18. exf5 Rxf5 19. f3 Kh8 20. c3 Rcf8 21. Qe4
Rh5 22. Nc1 Ne7 23. g4 Rh4 24. Nxe7 Qxe7 25. Ne2 Rh3 26. Ng1 Bxg1 27. Kxg1 h5
28. Rd2 Rf4 29. Qg6 hxg4 30. Qxd6 Qxd6 31. Rxd6 gxf3 32. Re6 e4 33. Rf2 Rh6 34.
Re8+ Kh7 35. Kf1 Rd6 36. Ke1 Rd3 37. a5 Rg4 38. Rf1 Re3+ 39. Kf2 Re2# 0-1

[Event "32nd ECC Open 2016"]
[Site "Novi Sad SRB"]
[Date "2016.11.06"]
[Round "1.7"]
[Board "4"]
[White "Georgiev, Kiril"]
[Black "Hummel, Erik-Jan"]
[Result "1/2-1/2"]
[WhiteTitle "GM"]
[BlackTitle "FM"]
[WhiteElo "2621"]
[BlackElo "2280"]
[WhiteTeam "Ashdod"]
[BlackTeam "JSV SISSA"]
[WhiteFideId "2900017"]
[BlackFideId "1009028"]
[EventDate "2016.11.06"]

1. d4 Nf6 2. c4 c5 3. d5 e6 4. Nc3 exd5 5. cxd5 d6 6. Nf3 g6 7. Bf4 Bg7 8. Qa4+
Bd7 9. Qb3 b5 10. Bxd6 Qb6 11. Be5 O-O 12. e3 c4 13. Qd1 b4 14. Ne2 Rc8 15. a3
Na6 16. Nf4 c3 17. bxc3 bxc3 18. Bd3 Nc5 19. Bc2 Bb5 20. Nd4 Ncd7 21. Rb1 Nxe5
22. Rxb5 Qd6 23. O-O a6 24. Rb7 Rab8 25. Qb1 Rxb7 26. Qxb7 Rb8 27. Qa7 Rb2 28.
Rd1 Bf8 29. a4 Nxd5 30. Nxd5 Qxd5 31. Rf1 Bc5 32. Qxa6 Bxd4 33. exd4 Nc6 34. Bd1
c2 35. Bf3 Qa2 36. Qxc6 Rb1 37. Qe8+ Kg7 38. Qe5+ Kg8 39. Qe8+ Kg7 40. Qe5+ Kg8 1/2-1/2

[Event "32nd ECC Open 2016"]
[Site "Novi Sad SRB"]
[Date "2016.11.06"]
[Round "1.7"]
[Board "5"]
[White "Ten Vergert, Paul"]
[Black "Kogan, Arthur"]
[Result "0-1"]
[WhiteTitle "CM"]
[BlackTitle "GM"]
[WhiteElo "2210"]
[BlackElo "2522"]
[WhiteTeam "JSV SISSA"]
[BlackTeam "Ashdod"]
[WhiteFideId "1021249"]
[BlackFideId "2800802"]
[EventDate "2016.11.06"]

1. e4 c5 2. Nf3 e6 3. d4 cxd4 4. Nxd4 a6 5. Nc3 b5 6. Bd3 Bb7 7. O-O d6 8. Kh1
Nf6 9. a3 Nbd7 10. Nb3 Qc7 11. Bf4 Ne5 12. Qe2 Be7 13. Rad1 O-O 14. Bg3 g6 15.
f4 Nc4 16. Bxc4 Qxc4 17. Qe3 a5 18. Qb6 Qc6 19. Qxc6 Bxc6 20. Nd4 Rac8 21. Ndxb5
Nxe4 22. Nxe4 Bxb5 23. Rf2 d5 24. Nc3 Ba6 25. Rfd2 Bf6 26. Bf2 Rb8 27. Na4 Bb5
28. Nc5 Bxb2 29. c4 Bxc4 30. Nd7 Bc3 31. Nxf8 Rxf8 32. Rc2 Bb3 33. Rxc3 Bxd1 34.
Rc1 Bb3 35. Rc5 a4 36. Bd4 f6 37. Rc7 e5 38. Bc5 Re8 39. fxe5 fxe5 40. Kg1 d4
41. Re7 Rxe7 42. Bxe7 Kf7 43. Bd8 Ke6 44. Kf2 Kd5 45. Ke2 e4 46. Bg5 e3 47. Kd3
Bc4+ 48. Kc2 d3+ 49. Kd1 Bb3+ 0-1

[Event "32nd ECC Open 2016"]
[Site "Novi Sad SRB"]
[Date "2016.11.06"]
[Round "1.7"]
[Board "6"]
[White "Golod, Vitali"]
[Black "Dijkstra, Arjan"]
[Result "1-0"]
[WhiteTitle "GM"]
[WhiteElo "2545"]
[BlackElo "2105"]
[WhiteTeam "Ashdod"]
[BlackTeam "JSV SISSA"]
[WhiteFideId "2804140"]
[BlackFideId "1021389"]
[EventDate "2016.11.06"]

1. d4 Nf6 2. c4 c5 3. d5 e6 4. Nc3 exd5 5. cxd5 d6 6. e4 g6 7. f4 Bg7 8. Bb5+
Nfd7 9. a4 Na6 10. Nf3 Nb4 11. O-O O-O 12. Re1 a6 13. Bf1 Re8 14. h3 f5 15. Qb3
fxe4 16. Nxe4 Nf6 17. Nxf6+ Bxf6 18. Bd2 Rxe1 19. Rxe1 Bf5 20. Bc3 Rb8 21. g4
Bd7 22. a5 b6 23. axb6 Rxb6 24. Qc4 a5 25. Qe4 Rb7 26. Bc4 Ba4 27. Qe6+ Kg7 28.
Bxf6+ Qxf6 29. Qxf6+ Kxf6 30. Re6+ Kg7 31. Rxd6 Bd7 32. Ne5 Bc8 33. Rd8 1-0

[Event "32nd ECC Open 2016"]
[Site "Novi Sad SRB"]
[Date "2016.11.06"]
[Round "1.8"]
[Board "2"]
[White "Maslik, Miroslav"]
[Black "Malakhov, Vladimir"]
[Result "0-1"]
[WhiteTitle "IM"]
[BlackTitle "GM"]
[WhiteElo "2337"]
[BlackElo "2698"]
[WhiteTeam "SK Modra"]
[BlackTeam "SHSM Legacy Square Moscow"]
[WhiteFideId "14902192"]
[BlackFideId "4120787"]
[EventDate "2016.11.06"]

1. d4 g6 2. Nf3 Bg7 3. Nc3 d6 4. Bf4 a6 5. e4 Bg4 6. Bc4 e6 7. a4 Bxf3 8. gxf3
Nc6 9. d5 exd5 10. Nxd5 Nf6 11. h4 Nxd5 12. Qxd5 O-O 13. Bg5 Qe8 14. c3 b5 15.
Be2 b4 16. Kf1 bxc3 17. bxc3 Ne5 18. Kg2 Qd7 19. Rad1 Qxa4 20. f4 Nd7 21. Ra1
Qc2 22. Bd3 Qxc3 23. Rac1 Nb6 24. Rxc3 Nxd5 25. Rc4 Nb6 26. Rxc7 f6 27. h5 fxg5
28. hxg6 hxg6 29. Bb1 Rxf4 30. Ba2+ d5 31. exd5 Rg4+ 32. Kf3 Ra4 33. Bb3 Ra3 34.
Rb1 Nxd5 35. Rd7 Rb8 0-1

[Event "32nd ECC Open 2016"]
[Site "Novi Sad SRB"]
[Date "2016.11.06"]
[Round "1.8"]
[Board "3"]
[White "Zvjaginsev, Vadim"]
[Black "Schwarz, Dusan"]
[Result "1-0"]
[WhiteTitle "GM"]
[WhiteElo "2675"]
[BlackElo "2278"]
[WhiteTeam "SHSM Legacy Square Moscow"]
[BlackTeam "SK Modra"]
[WhiteFideId "4113403"]
[BlackFideId "14903890"]
[EventDate "2016.11.06"]

1. e4 d5 2. exd5 Qxd5 3. Nc3 Qa5 4. d4 c6 5. Rb1 Nf6 6. b4 Qc7 7. Bg5 Bg4 8. Be2
Bxe2 9. Ngxe2 e6 10. Bxf6 gxf6 11. b5 a6 12. b6 Qd8 13. O-O Nd7 14. Re1 Bh6 15.
Ne4 O-O 16. c4 f5 17. Nd6 Rb8 18. c5 Nf6 19. Qd3 Kh8 20. Qf3 Qd7 21. Nf4 Nd5 22.
Nd3 Bg7 23. Ne5 Bxe5 24. dxe5 Rg8 25. Rbc1 Rg6 26. Rc4 Rbg8 27. g3 h6 28. Rh4
Kh7 29. Rd1 Qe7 30. Rdd4 R8g7 31. Kh1 Rg8 32. h3 R8g7 33. Kh2 Rg8 34. Rh5 Rg5
35. Rdh4 Rxh5 36. Qxh5 Rg6 37. Rd4 Qd7 38. Qh4 Rg5 39. Rd3 Rg6 40. Qh5 Kg7 41.
Rf3 Rg5 42. Qh4 Ne7 43. Ra3 Nd5 44. Rxa6 bxa6 45. b7 Qd8 46. Qxh6+ Kxh6 47.
Nxf7+ 1-0

[Event "32nd ECC Open 2016"]
[Site "Novi Sad SRB"]
[Date "2016.11.06"]
[Round "1.8"]
[Board "4"]
[White "Federic, Jozef"]
[Black "Grachev, Boris"]
[Result "0-1"]
[WhiteTitle "FM"]
[BlackTitle "GM"]
[WhiteElo "2290"]
[BlackElo "2632"]
[WhiteTeam "SK Modra"]
[BlackTeam "SHSM Legacy Square Moscow"]
[WhiteFideId "14910659"]
[BlackFideId "4129199"]
[EventDate "2016.11.06"]

1. d4 Nf6 2. Nf3 b6 3. Bf4 Bb7 4. e3 g6 5. h3 Bg7 6. Bd3 O-O 7. Nbd2 c5 8. c3 d6
9. O-O Nc6 10. Re1 h6 11. Qe2 Re8 12. e4 e5 13. dxe5 dxe5 14. Be3 Nh5 15. Ba6
Nd4 16. cxd4 Bxa6 17. Qxa6 exd4 18. e5 dxe3 19. Rxe3 Nf4 20. Nc4 Qd5 21. Rae1
Rad8 22. b3 Nd3 23. R1e2 Nf4 24. Re1 Re7 25. Qa4 Ne6 26. Qa3 Rdd7 27. Kh1 Nd4
28. Rd3 Qb7 29. Nxd4 Rxd4 30. Rde3 Qd5 31. Qa6 h5 32. Qc8+ Qd8 33. Qc6 Qd5 34.
Qc8+ Qd8 35. Qc6 Re6 36. Qb7 Qd7 37. Qa8+ Re8 38. Qf3 Qd5 39. Qe2 Re6 40. a4 Bh6
41. Rf3 Bf4 42. Kg1 h4 43. g3 hxg3 44. fxg3 Bxe5 45. Qf1 Bg7 46. Rxe6 Qxe6 47.
Re3 Qd7 48. Kh2 Rd1 49. Qf3 Rc1 50. Re2 Rc3 51. Qf4 Rxb3 52. Nd6 Rb4 53. Re4
Rb2+ 54. Kg1 Bd4+ 55. Rxd4 cxd4 56. Ne4 Qe6 57. Qh4 Kg7 0-1

[Event "32nd ECC Open 2016"]
[Site "Novi Sad SRB"]
[Date "2016.11.06"]
[Round "1.8"]
[Board "5"]
[White "Najer, Evgeniy"]
[Black "Banas, Kamil"]
[Result "1-0"]
[WhiteTitle "GM"]
[WhiteElo "2683"]
[BlackElo "2243"]
[WhiteTeam "SHSM Legacy Square Moscow"]
[BlackTeam "SK Modra"]
[WhiteFideId "4118987"]
[BlackFideId "14902141"]
[EventDate "2016.11.06"]

1. d4 d5 2. c4 e6 3. Nc3 c6 4. e3 f5 5. g4 Nf6 6. gxf5 exf5 7. Qb3 Na6 8. cxd5
Nxd5 9. Nxd5 Qxd5 10. Qxd5 cxd5 11. a3 Bd7 12. Bd2 Bd6 13. Bg2 Nc7 14. Ne2 Bc6
15. O-O O-O 16. Bb4 Bxb4 17. axb4 Rfd8 18. Rfc1 Rd6 19. Nf4 a6 20. Nd3 Ne6 21.
Ne5 Be8 22. Rc3 Kf8 23. Bh3 g6 24. Bg2 Rad8 25. Ra5 Ke7 26. h4 Rb6 27. Bxd5 Rxb4
28. Bxe6 Kxe6 29. Nd3 Rb6 30. Rc7 Bf7 31. Nc5+ Kf6 32. Rxb7 Rxb7 33. Rxa6+ Kg7
34. Nxb7 Rb8 35. Nd6 Bd5 36. Ra5 Bf3 37. Rb5 Ra8 38. Kh2 Ra6 39. Kg3 Ba8 40.
Ne8+ 1-0